| 000 | 00876nam a2200241 i 4500 | ||
|---|---|---|---|
| 001 | 115131 | ||
| 003 | ES-MaACL | ||
| 005 | 20250707062609.0 | ||
| 007 | t| | ||
| 008 | 070222s1910 sp a |||| | spa d | ||
| 080 | _a821.2-32"19" | ||
| 100 | 1 |
_aSalaverría, José María, _d1873-1940 _9101790 |
|
| 245 | 1 | 0 |
_aNicéforo el tirano / _cpor José María Salaverria ; ilustraciones de G. Olive, G. |
| 260 |
_aMadrid : _bEl Cuento Semanal, _c1910. |
||
| 300 |
_a18 p. : _bil. ; _c26 cm. |
||
| 490 | 1 |
_aEl Cuento Semanal ; _vaño 4, n. 194 |
|
| 505 | 8 | _aEn p. [9]: Ateneo de Baratavia, dibujo inspirado en la fachada del Ateneo de Madrid y la Calle del Prado | |
| 610 | 2 | 4 |
_aAteneo de Madrid- _vDibujo. _9155264 |
| 700 | 1 |
_aOlive G. _c, ilustrador. _986786 |
|
| 830 | 0 | 3 |
_aEl cuento semanal _vaño 4, n. 194 _9185957 |
| 852 |
_aES-MaACL _jG-4446(11) |
||
| 999 |
_c115131 _d115131 |
||